Rabindranath Tagore : (Record no. 4737)

MARC details
000 -LEADER
fixed length control field 01088cam a2200265 4500
001 - CONTROL NUMBER
control field 5619
005 - DATE AND TIME OF LATEST TRANSACTION
control field 20181127175905.0
008 - FIXED-LENGTH DATA ELEMENTS--GENERAL INFORMATION
fixed length control field 040626s2004 ii a 000 0 eng
010 ## - LIBRARY OF CONGRESS CONTROL NUMBER
LC control number 2004327830
Canceled/invalid LC control number 2004301604
020 ## - INTERNATIONAL STANDARD BOOK NUMBER
International Standard Book Number 9780198069645
041 1# - LANGUAGE CODE
Language code of text/sound track or separate title eng
Language code of original ben
042 ## - AUTHENTICATION CODE
Authentication code lcode
100 1# - MAIN ENTRY--PERSONAL NAME
Personal name Tagore, Rabindranath,
Dates associated with a name 1861-1941.
240 10 - UNIFORM TITLE
Uniform title Poems.
Form subheading Selections.
Language of a work English
245 10 - TITLE STATEMENT
Title Rabindranath Tagore :
Remainder of title selected poems /
Statement of responsibility, etc. general editor, Sukanta Chaudhuri ; advisory editor, Sankha Ghosh ; introduction by Sankha Ghosh ; notes by Sankha Ghosh and Sukanta Chaudhuri.
246 14 - VARYING FORM OF TITLE
Title proper/short title Selected poems, Rabindranath Tagore
Title proper/short title Tagore, selected poems
260 ## - PUBLICATION, DISTRIBUTION, ETC.
Place of publication, distribution, etc. New Delhi :
Name of publisher, distributor, etc. Oxford University Press,
Date of publication, distribution, etc. 2004.
300 ## - PHYSICAL DESCRIPTION
Extent xx, 449 p. :
Other physical details ill. (some col.) ;
Dimensions 22 cm.
490 1# - SERIES STATEMENT
Series statement The Oxford Tagore translations
600 10 - SUBJECT ADDED ENTRY--PERSONAL NAME
Personal name Tagore, Rabindranath,
Dates associated with a name 1861-1941
Form subdivision Translations into English.
700 1# - ADDED ENTRY--PERSONAL NAME
Personal name Chaudhuri, Sukanta,
Dates associated with a name 1950-
Personal name Ghosha, Sankha.
800 1# - SERIES ADDED ENTRY--PERSONAL NAME
Personal name Tagore, Rabindranath,
Dates associated with a name 1861-1941.
Title of a work Works.
Form subheading Selections.
Language of a work English.
Date of a work 2000.
Version Oxford University Press.
Holdings
Withdrawn status Lost status Source of classification or shelving scheme Damaged status Not for loan Collection code Home library Current library Shelving location Date acquired Serial Enumeration / chronology Inventory number Total Checkouts Full call number Barcode Date last seen Date last checked out Price effective from Koha item type
    Dewey Decimal Classification     Main TEST RTC Library RTC Library Main opac 04/08/2022 9035 2 891.1 CHA 30009327 08/04/2024 22/03/2024 27/11/2018 Main
Royal Thimphu College || All Right Reserved